Music Quiz

Random Music or Artist Quiz

Watchmojo Top 10 Chart Topping Rock Songs: 80s-10s Quiz Stats

 Plays Quiz not verified by Sporcle

Score 0/40 Timer 13:00
0 Plays Today
Rank/Decade Song % Correct
90sSmells Like Teen Spirit
84.4%
80sJump
80.3%
80sI Love Rock n Roll
79.5%
80sSweet Child O'Mine
76.2%
00sSeven Nation Army
75.4%
80sLivin On a Prayer
71.3%
80sMoney For Nothing
70.5%
80sAnother Brick in the Wall Pt II
69.7%
90sLosing My Religion
66.4%
00sCalifornication
66.4%
90sLoser
63.9%
80sHere I Go Again
62.3%
10sTake Me to Church
62.3%
10sRadioactive
61.5%
00sBoulevard of Broken Dreams
59.8%
10sPumped Up Kicks
59.8%
00sIn the End
58.2%
80sAnother One Bites the Dust
57.4%
00sSex On Fire
54.1%
80sI Want to Know What Love Is
51.6%
Rank/Decade Song % Correct
90s1979
51.6%
00sKryptonite
51.6%
10sPompeii
49.2%
90sNo Rain
45.9%
80sI Still Haven't Found What I'm Looking For
44.3%
90sInterstate Love Song
41.8%
90sScar Tissue
41.8%
00sNo One Knows
36.1%
00sThe Pretender
35.2%
00sIt's Been Awhile
34.4%
90sLightning Crashes
32%
90sMysterious Ways
31.1%
00sLike a Stone
30.3%
90sBetter Man
28.7%
10sDo I Wanna Know
28.7%
10sMadness
27.9%
10sRope
22.1%
10s1901
18%
10sTighten Up
17.2%
10sCome a Little Closer
14.8%

You're not logged in!

Compare scores with friends on all Sporcle quizzes.
OR
Log In

Sporcle TV

Today on Sporcle TV


Watch our educational content, quiz creation guides, and fun videos on Sporcle TV.

Show Comments

Extras

Top Quizzes Today


Score Distribution

Your Account Isn't Verified!

In order to create a playlist on Sporcle, you need to verify the email address you used during registration. Go to your Sporcle Settings to finish the process.

Report this User

Report this user for behavior that violates our Community Guidelines.

Details: